[Event "1st open for DUNI cup "]
[Site "Primorsko"]
[Date "2016.05.21"]
[Round "1.1"]
[White "IVANOV, Iliyan"]
[Black "GENOVA, Lyubka"]
[Result "0-1"]
[WhiteElo "1521"]
[BlackElo "2193"]
[PlyCount "78"]
[EventDate "2016.05.21"]
[EventType "swiss"]
[EventRounds "7"]
[EventCountry "BUL"]

1. e4 c5 2. d4 cxd4 3. c3 d3 4. c4 Nc6 5. Nc3 e6 6. Bxd3 Nf6 7. Be3 b6 8. Nge2
Bb7 9. O-O Ng4 10. Bf4 g5 11. Bg3 h5 12. h3 h4 13. hxg4 hxg3 14. Nxg3 Bc5 15.
Nd5 exd5 16. exd5 Ne5 17. Re1 Qf6 18. Qe2 O-O-O 19. Bf5 Rde8 20. Qc2 Kb8 21.
Re2 Ng6 22. Rae1 Rxe2 23. Qxe2 Nf4 24. Qe5+ Qxe5 25. Rxe5 f6 26. Re1 Kc7 27.
Ne4 Nd3 28. Nxc5 Nxc5 29. b4 Na6 30. Re7 Bc8 31. a3 Rf8 32. g3 Kd6 33. Re1 Nb8
34. f4 Ba6 35. Re4 Rc8 36. b5 Bb7 37. Kf2 Rh8 38. Kg2 Kc5 39. Re7 Kxc4 0-1

[Event "1st open for DUNI cup "]
[Site "Primorsko"]
[Date "2016.05.21"]
[Round "1.2"]
[White "PANAYOTOV, Yanko"]
[Black "NIKOLOV, Yavor"]
[Result "1-0"]
[WhiteElo "2172"]
[BlackElo "1521"]
[PlyCount "81"]
[EventDate "2016.05.21"]
[EventType "swiss"]
[EventRounds "7"]
[EventCountry "BUL"]

1. e4 e6 2. d4 d5 3. Nc3 Nf6 4. e5 Ne4 5. Bd3 Nxc3 6. bxc3 Nd7 7. Qg4 h6 8. f4
c5 9. f5 cxd4 10. cxd4 exf5 11. Bxf5 Qe7 12. Ne2 Nb6 13. O-O g6 14. Bxc8 Rxc8
15. Nf4 Rg8 16. Nxd5 Nxd5 17. Qxc8+ Qd8 18. Qxd8+ Kxd8 19. Rxf7 Ne7 20. Ba3 Ke8
21. Raf1 h5 22. Rxf8+ Rxf8 23. Rxf8+ Kxf8 24. Kf2 Kf7 25. Bxe7 Kxe7 26. Ke3 b5
27. d5 a5 28. Kd4 g5 29. Kc5 g4 30. Kxb5 h4 31. Kxa5 h3 32. gxh3 gxh3 33. Kb6
Kd8 34. e6 Kc8 35. d6 Kd8 36. a4 Ke8 37. Kc7 Kf8 38. d7 Ke7 39. d8=Q+ Kxe6 40.
Qg5 Kf7 41. Kd7 1-0

[Event "1st open for DUNI cup "]
[Site "Primorsko"]
[Date "2016.05.21"]
[Round "1.3"]
[White "GENOV, Valentin"]
[Black "ANDREEV, Stanislav"]
[Result "0-1"]
[WhiteElo "1519"]
[BlackElo "2148"]
[PlyCount "58"]
[EventDate "2016.05.21"]
[EventType "swiss"]
[EventRounds "7"]
[EventCountry "BUL"]

1. d4 c6 2. c4 d5 3. Nc3 Nf6 4. Nf3 dxc4 5. e4 b5 6. e5 Nd5 7. a4 e6 8. Ne4 h6
9. g3 Be7 10. Bg2 Nd7 11. O-O a5 12. h3 Ba6 13. axb5 cxb5 14. Bd2 b4 15. Re1
Bb5 16. Nd6+ Bxd6 17. exd6 N7f6 18. Ne5 Qxd6 19. Qf3 Ra7 20. Bf1 Qa6 21. Rac1
O-O 22. Bxc4 Bxc4 23. Rxc4 Rc8 24. Rec1 Raa8 25. Qd3 Qb7 26. Nc6 Rf8 27. Ne5 a4
28. Nc6 a3 29. Nxb4 axb2 0-1

[Event "1st open for DUNI cup "]
[Site "Primorsko"]
[Date "2016.05.21"]
[Round "1.4"]
[White "DICHEV, Nedelcho"]
[Black "KAN, Efim"]
[Result "1-0"]
[WhiteElo "2126"]
[BlackElo "1518"]
[PlyCount "81"]
[EventDate "2016.05.21"]
[EventType "swiss"]
[EventRounds "7"]
[EventCountry "BUL"]

1. e4 c5 2. c4 Nc6 3. Nc3 e6 4. g3 a6 5. Bg2 Nf6 6. Nge2 d6 7. O-O h5 8. h3 h4
9. g4 e5 10. d3 Be6 11. f4 Be7 12. Nd5 Nd4 13. Nxe7 Qxe7 14. fxe5 dxe5 15. Nxd4
cxd4 16. Bg5 Qd7 17. Bxf6 gxf6 18. Rxf6 O-O-O 19. Rf2 Rdg8 20. Bf3 Qe7 21. Qd2
Rg7 22. Rg2 Rhg8 23. Rf1 Rg6 24. b4 Rf6 25. Bd1 Rxf1+ 26. Kxf1 Rg6 27. a3 Bd7
28. c5 Bc6 29. Bb3 Qd7 30. Rf2 f6 31. Rf5 Qg7 32. Be6+ Kc7 33. Rh5 Be8 34. Rxh4
Rg5 35. Bf5 Bg6 36. Bxg6 Qxg6 37. Qa2 Qg7 38. Qe6 Kd8 39. Qd6+ Kc8 40. c6 b6
41. Rh8+ 1-0

[Event "1st open for DUNI cup "]
[Site "Primorsko"]
[Date "2016.05.21"]
[Round "1.5"]
[White "KLISAROV, Todor"]
[Black "RADEVA, Viktoria"]
[Result "0-1"]
[WhiteElo "1506"]
[BlackElo "2121"]
[PlyCount "78"]
[EventDate "2016.05.21"]
[EventType "swiss"]
[EventRounds "7"]
[EventCountry "BUL"]

1. e4 c5 2. Bc4 e6 3. Nc3 Nc6 4. d3 g6 5. Nf3 Bg7 6. Bd2 Nge7 7. O-O O-O 8. Be3
d5 9. exd5 exd5 10. Bxc5 dxc4 11. dxc4 Bxc3 12. bxc3 Qxd1 13. Raxd1 Bg4 14. Rd3
Bxf3 15. Rxf3 Rfd8 16. Re1 Nf5 17. g3 Rd2 18. g4 Ng7 19. Rfe3 Ne6 20. Bb4 Nxb4
21. cxb4 Rxc2 22. Re4 Rd8 23. h4 Rdd2 24. f3 Rg2+ 25. Kh1 Rh2+ 26. Kg1 Rcg2+
27. Kf1 Rxa2 28. Kg1 Rxh4 29. R4e2 Rxe2 30. Rxe2 h5 31. Re4 hxg4 32. fxg4 Ng5
33. Re7 Rxg4+ 34. Kf1 Rxc4 35. Rxb7 a6 36. Rb6 Ne6 37. Rxa6 Rxb4 38. Kf2 Rb3
39. Ra4 g5 0-1

[Event "1st open for DUNI cup "]
[Site "Primorsko"]
[Date "2016.05.21"]
[Round "1.7"]
[White "KOEV, Koycho"]
[Black "SOILEMETZIDIS, Konstantinos"]
[Result "0-1"]
[WhiteElo "1425"]
[BlackElo "2000"]
[PlyCount "74"]
[EventDate "2016.05.21"]
[EventType "swiss"]
[EventRounds "7"]
[EventCountry "BUL"]

1. d4 g6 2. c4 Bg7 3. Nc3 c5 4. e3 Nf6 5. Nf3 O-O 6. Be2 cxd4 7. exd4 d5 8. O-O
dxc4 9. Bxc4 Nc6 10. d5 Na5 11. Bb3 b6 12. Bf4 Bb7 13. Ba4 Nxd5 14. Nxd5 Qxd5
15. Qxd5 Bxd5 16. Rad1 Bxf3 17. gxf3 Bxb2 18. Rd7 Bf6 19. Rc1 Rfd8 20. Rcc7
Rxd7 21. Rxd7 Kg7 22. Bd2 Nc4 23. Bb4 Ne5 24. Rc7 Nxf3+ 25. Kg2 Nh4+ 26. Kf1
Nf5 27. Bc6 Be5 28. Bc3 Bxc3 29. Bxa8 Bb4 30. Rxa7 h5 31. a3 Bc5 32. Be4 Nd6
33. Rxe7 Kf6 34. Rc7 Nxe4 35. a4 Bxf2 36. Rc4 Nd2+ 37. Kxf2 Nxc4 0-1

[Event "1st open for DUNI cup "]
[Site "Primorsko"]
[Date "2016.05.21"]
[Round "1.8"]
[White "TSONEV, Kiril"]
[Black "IVANOV, Georgi"]
[Result "1-0"]
[WhiteElo "1969"]
[BlackElo "1424"]
[PlyCount "41"]
[EventDate "2016.05.21"]
[EventType "swiss"]
[EventRounds "7"]
[EventCountry "BUL"]

1. e4 c6 2. d4 d5 3. e5 Nh6 4. Bxh6 gxh6 5. Bd3 Rg8 6. Qf3 Qb6 7. Nd2 Qxb2 8.
Nb3 a5 9. a4 Na6 10. Ne2 Bg4 11. Qf4 Bxe2 12. Kxe2 Nb4 13. Qd2 Nxd3 14. Qxd3 c5
15. Rhb1 c4 16. Qd2 Qxb1 17. Rxb1 cxb3 18. Rxb3 Rxg2 19. Qd3 O-O-O 20. Qb5 Rd7
21. Rc3+ 1-0

[Event "1st open for DUNI cup "]
[Site "Primorsko"]
[Date "2016.05.21"]
[Round "1.10"]
[White "HRISTOV, Krasimir Iv"]
[Black "SREBCHEV, Aleksandar"]
[Result "1/2-1/2"]
[WhiteElo "1888"]
[BlackElo "1342"]
[PlyCount "49"]
[EventDate "2016.05.21"]
[EventType "swiss"]
[EventRounds "7"]
[EventCountry "BUL"]

1. d4 d5 2. e4 dxe4 3. f3 Bf5 4. Nc3 exf3 5. Nxf3 e6 6. a3 a6 7. Bd3 Bxd3 8.
Qxd3 Bd6 9. O-O h6 10. Ne4 Nd7 11. Nxd6+ cxd6 12. Bf4 Qe7 13. Nd2 Ngf6 14. Nc4
e5 15. dxe5 dxe5 16. Bxe5 Nxe5 17. Nxe5 O-O 18. Rae1 Qc5+ 19. Kh1 Rad8 20. Qg3
Kh7 21. c4 Qd4 22. b3 Ne4 23. Qf4 f5 24. g3 Rde8 25. Nf3 1/2-1/2

[Event "1st open for DUNI cup "]
[Site "Primorsko"]
[Date "2016.05.21"]
[Round "1.11"]
[White "VISHEV, Nikolay"]
[Black "KOLEV, Lachezar"]
[Result "0-1"]
[WhiteElo "1339"]
[BlackElo "1883"]
[PlyCount "68"]
[EventDate "2016.05.21"]
[EventType "swiss"]
[EventRounds "7"]
[EventCountry "BUL"]

1. e4 c5 2. Nf3 d6 3. g3 Nf6 4. d3 a6 5. Bg2 e6 6. O-O Nbd7 7. b3 Be7 8. Bb2
O-O 9. a4 Rb8 10. Nbd2 b5 11. axb5 axb5 12. e5 dxe5 13. Nxe5 Qc7 14. Nc6 Nb6
15. Nxb8 Qxb8 16. Re1 Bb7 17. Be5 Qc8 18. Ra7 Bxg2 19. Kxg2 Nbd7 20. Qf3 Nxe5
21. Rxe5 Qb8 22. Rxe7 Qxe5 23. Qb7 Nd5 24. Rd7 Qe2 25. Nf1 b4 26. Rxd5 exd5 27.
Qxd5 Qxc2 28. Ne3 Qc3 29. h4 Qd4 30. Kf3 Rd8 31. Qxd4 Rxd4 32. Ke2 g6 33. Nc2
Rd7 34. Ke3 f5 0-1

[Event "1st open for DUNI cup "]
[Site "Primorsko"]
[Date "2016.05.21"]
[Round "1.12"]
[White "KIRILOV, Ivaylo"]
[Black "LENKOVA, Lyubomira"]
[Result "1-0"]
[WhiteElo "1861"]
[BlackElo "1306"]
[PlyCount "109"]
[EventDate "2016.05.21"]
[EventType "swiss"]
[EventRounds "7"]
[EventCountry "BUL"]

1. e4 e5 2. Nf3 Nf6 3. Nxe5 d6 4. Nf3 Nxe4 5. Nc3 Nf6 6. d4 d5 7. Bg5 Bb4 8.
Bd3 Nc6 9. O-O O-O 10. Bxf6 Qxf6 11. Nxd5 Qd6 12. Ne3 Re8 13. c4 Rd8 14. d5 Bc5
15. Bxh7+ Kxh7 16. dxc6 bxc6 17. Ng5+ Kg8 18. Qh5 Qg6 19. Qxg6 fxg6 20. Rad1
Re8 21. Rd3 Ba6 22. b3 Re7 23. Rfd1 Rae8 24. Rd8 Kf8 25. Rxe8+ Rxe8 26. Rd3 Bc8
27. Kf1 Bb4 28. Nc2 Bc5 29. Rf3+ Kg8 30. Rd3 Bf5 31. Rd2 Bd6 32. Ne3 Bf4 33. h4
Bd6 34. Nxf5 gxf5 35. Re2 Rf8 36. Ne6 Rf6 37. Nd4 Bc5 38. Nc2 Rd6 39. b4 Rd1+
40. Re1 Rxe1+ 41. Kxe1 Be7 42. g3 c5 43. b5 Kf7 44. Ke2 Ke6 45. Kd3 Ke5 46. Ne3
Bd6 47. Nd5 Ke6 48. Ke3 Ke5 49. Nf4 Kf6 50. Nd3 Ke6 51. Nc1 Kd7 52. Nb3 c6 53.
a4 cxb5 54. axb5 Ke6 55. Na5 1-0

[Event "1st open for DUNI cup "]
[Site "Primorsko"]
[Date "2016.05.21"]
[Round "1.13"]
[White "MARINOV, Marin St"]
[Black "SOTIROV, Nikolay"]
[Result "0-1"]
[WhiteElo "1291"]
[BlackElo "1828"]
[PlyCount "54"]
[EventDate "2016.05.21"]
[EventType "swiss"]
[EventRounds "7"]
[EventCountry "BUL"]

1. e4 c5 2. d4 cxd4 3. c3 d5 4. exd5 Qxd5 5. cxd4 e6 6. Nc3 Qd8 7. Nf3 Nf6 8.
Bg5 Be7 9. Qa4+ Nc6 10. Bb5 Bd7 11. Ne5 O-O 12. Nxd7 Qxd7 13. Rd1 Nd5 14. Bxe7
Qxe7 15. Bxc6 bxc6 16. Qxc6 Rfc8 17. Qa4 Nxc3 18. bxc3 Rxc3 19. O-O Rd8 20. Qa5
Qc7 21. Qxc7 Rxc7 22. Rd2 Rd5 23. f4 Rc4 24. Rfd1 Kf8 25. Kf2 Ra4 26. Ke3 Ra3+
27. Ke4 f5# 0-1

[Event "1st open for DUNI cup "]
[Site "Primorsko"]
[Date "2016.05.21"]
[Round "1.14"]
[White "KAMENOV, Valentin"]
[Black "KAROVA, Peya"]
[Result "1-0"]
[WhiteElo "1819"]
[BlackElo "1286"]
[PlyCount "59"]
[EventDate "2016.05.21"]
[EventType "swiss"]
[EventRounds "7"]
[EventCountry "BUL"]

1. e4 d5 2. exd5 Qxd5 3. Nc3 Qa5 4. d4 Nf6 5. Nf3 Bg4 6. Be2 Nbd7 7. O-O O-O-O
8. Ng5 Be6 9. Nxe6 fxe6 10. Bf3 c6 11. Qe2 e5 12. dxe5 Qxe5 13. Be3 Qb8 14. g3
e5 15. Ne4 h6 16. Rad1 Be7 17. Qc4 Nxe4 18. Bxe4 Rhf8 19. Qe6 Bf6 20. f4 Rfe8
21. Qh3 exf4 22. Bxf4 Be5 23. Bf5 Re7 24. Bxd7+ Rexd7 25. Rxd7 Rxd7 26. Rd1 Qc7
27. Bxe5 Qd8 28. Qxd7+ Qxd7 29. Rxd7 Kxd7 30. Bxg7 1-0

[Event "1st open for DUNI cup "]
[Site "Primorsko"]
[Date "2016.05.21"]
[Round "1.15"]
[White "VALCHEV, Dragomir"]
[Black "SIMEONOV, Svetoslav"]
[Result "0-1"]
[WhiteElo "1113"]
[BlackElo "1787"]
[PlyCount "52"]
[EventDate "2016.05.21"]
[EventType "swiss"]
[EventRounds "7"]
[EventCountry "BUL"]

1. e4 c5 2. Nc3 Nc6 3. g3 Nf6 4. Bg2 g6 5. d3 Bg7 6. Be3 d6 7. Qd2 Ng4 8. Bf4
Qa5 9. Nd5 Qxd2+ 10. Bxd2 O-O 11. h3 Nge5 12. Nf3 Nxf3+ 13. Bxf3 Bxb2 14. Rb1
Bg7 15. Bg2 Rb8 16. Bf4 Bd7 17. O-O b5 18. a3 a5 19. Ne3 b4 20. axb4 axb4 21.
Nc4 Nd4 22. Nxd6 Ne2+ 23. Kh1 Nxf4 24. gxf4 exd6 25. Rfe1 Rfe8 26. Re3 Bd4 0-1

[Event "1st open for DUNI cup "]
[Site "Primorsko"]
[Date "2016.05.21"]
[Round "1.16"]
[White "APOSTOLOV, Teodor"]
[Black "TODOROVA, Adelina"]
[Result "1-0"]
[WhiteElo "1775"]
[BlackElo "1074"]
[PlyCount "47"]
[EventDate "2016.05.21"]
[EventType "swiss"]
[EventRounds "7"]
[EventCountry "BUL"]

1. c4 e5 2. Nc3 Nc6 3. d3 Nf6 4. g3 b6 5. Bg2 Bb7 6. Nf3 Nd4 7. O-O Be7 8. Nxe5
Bxg2 9. Kxg2 d6 10. Nf3 c5 11. Nxd4 cxd4 12. Nb5 O-O 13. Nxd4 d5 14. Nc6 Qc7
15. Nxe7+ Qxe7 16. Bg5 dxc4 17. dxc4 Rfe8 18. Bxf6 Qxf6 19. b3 Qc6+ 20. Kg1 Re6
21. e3 Rh6 22. Qd5 Qc8 23. Rad1 g6 24. Rd4 1-0

[Event "1st open for DUNI cup "]
[Site "Primorsko"]
[Date "2016.05.21"]
[Round "1.17"]
[White "KAROV, Aleksandar"]
[Black "TODOROV, Angel"]
[Result "0-1"]
[WhiteElo "1019"]
[BlackElo "1771"]
[PlyCount "50"]
[EventDate "2016.05.21"]
[EventType "swiss"]
[EventRounds "7"]
[EventCountry "BUL"]

1. e4 c5 2. d4 cxd4 3. Qxd4 Nc6 4. Qe3 d6 5. f4 Nf6 6. Nf3 e6 7. h3 Be7 8. g4
Bd7 9. Bd2 d5 10. e5 Ne4 11. Bd3 Bc5 12. Qe2 Ng3 13. Qg2 Nxh1 14. Qxh1 Qb6 15.
b3 Nb4 16. f5 Bc6 17. fxe6 fxe6 18. Qf1 O-O 19. Qe2 Nxd3+ 20. cxd3 Rf7 21. Ng5
Rf2 22. Qd1 Bb5 23. Qc2 Be3 24. Nxe6 Qxe6 25. Bxe3 Rxc2 0-1

[Event "1st open for DUNI cup "]
[Site "Primorsko"]
[Date "2016.05.21"]
[Round "2.1"]
[White "GENOVA, Lyubka"]
[Black "KAMENOV, Valentin"]
[Result "1-0"]
[WhiteElo "2193"]
[BlackElo "1819"]
[PlyCount "73"]
[EventDate "2016.05.21"]
[EventType "swiss"]
[EventRounds "7"]
[EventCountry "BUL"]

1. e4 d6 2. d4 Nf6 3. Nc3 g6 4. g3 Bg7 5. Bg2 O-O 6. Nge2 c6 7. a4 Nbd7 8. O-O
e5 9. h3 Qc7 10. Be3 Rb8 11. dxe5 dxe5 12. Bxa7 Ra8 13. Be3 Re8 14. Qd2 Bf8 15.
Nc1 b5 16. Nd3 b4 17. Ne2 c5 18. c4 Bb7 19. f3 Rad8 20. b3 Nb8 21. Rad1 Nc6 22.
Bg5 Be7 23. h4 Bc8 24. Kh2 Nd7 25. Qe3 f6 26. Bh6 Na5 27. Nf2 Bf8 28. Ng4 Bg7
29. Bxg7 Kxg7 30. Qh6+ Kh8 31. f4 Re7 32. fxe5 Nxe5 33. Nxe5 Rxe5 34. Rxf6 Rg8
35. Nf4 Qg7 36. Nxg6+ Qxg6 37. Rxg6 1-0

[Event "1st open for DUNI cup "]
[Site "Primorsko"]
[Date "2016.05.21"]
[Round "2.2"]
[White "SIMEONOV, Svetoslav"]
[Black "PANAYOTOV, Yanko"]
[Result "1/2-1/2"]
[WhiteElo "1787"]
[BlackElo "2172"]
[PlyCount "66"]
[EventDate "2016.05.21"]
[EventType "swiss"]
[EventRounds "7"]
[EventCountry "BUL"]

1. c4 Nf6 2. Nc3 c5 3. g3 g6 4. Bg2 Bg7 5. Nf3 O-O 6. O-O Nc6 7. d4 cxd4 8.
Nxd4 Nxd4 9. Qxd4 d6 10. Bg5 Be6 11. Qd3 Qa5 12. Bd2 Qh5 13. h4 Rab8 14. b3 a6
15. Rac1 Rfc8 16. e4 b5 17. cxb5 axb5 18. Ne2 b4 19. Nf4 Qa5 20. Nxe6 fxe6 21.
Rc2 Nd7 22. Rfc1 Rc5 23. Bh3 Kf7 24. Qf3+ Bf6 25. Bxe6+ Kxe6 26. Qg4+ Kf7 27.
Qxd7 Rbc8 28. Rxc5 Rxc5 29. Qa4 Qxa4 30. bxa4 Ra5 31. Bxb4 Rxa4 32. a3 Bb2 33.
Rb1 Bxa3 1/2-1/2

[Event "1st open for DUNI cup "]
[Site "Primorsko"]
[Date "2016.05.21"]
[Round "2.3"]
[White "ANDREEV, Stanislav"]
[Black "APOSTOLOV, Teodor"]
[Result "1-0"]
[WhiteElo "2148"]
[BlackElo "1775"]
[PlyCount "61"]
[EventDate "2016.05.21"]
[EventType "swiss"]
[EventRounds "7"]
[EventCountry "BUL"]

1. d4 Nf6 2. c4 e6 3. Nc3 d5 4. cxd5 exd5 5. Bg5 Be7 6. e3 O-O 7. Bd3 Nbd7 8.
Nf3 h6 9. Bh4 c6 10. O-O Re8 11. Qc2 Nf8 12. Rab1 Bg4 13. Ne5 Be6 14. b4 Rc8
15. Na4 N6d7 16. Bg3 Bh4 17. Nf3 Bxg3 18. hxg3 a5 19. bxa5 Qxa5 20. Rxb7 c5 21.
Rb5 Qa7 22. Nxc5 Nb6 23. Qb2 Nbd7 24. Nxe6 Rxe6 25. Rxd5 Nf6 26. Rb5 Qc7 27.
Bf5 Rce8 28. Bxe6 Rxe6 29. Rc1 Qd6 30. Rc8 Rxe3 31. fxe3 1-0

[Event "1st open for DUNI cup "]
[Site "Primorsko"]
[Date "2016.05.21"]
[Round "2.4"]
[White "TODOROV, Angel"]
[Black "DICHEV, Nedelcho"]
[Result "0-1"]
[WhiteElo "1771"]
[BlackElo "2126"]
[PlyCount "90"]
[EventDate "2016.05.21"]
[EventType "swiss"]
[EventRounds "7"]
[EventCountry "BUL"]

1. d4 Nf6 2. Bg5 e6 3. e4 h6 4. Bxf6 Qxf6 5. Nf3 Qd8 6. g3 d6 7. Bg2 Nd7 8. O-O
e5 9. c3 Be7 10. Nbd2 O-O 11. Nc4 Bf6 12. Bh3 Re8 13. Re1 g6 14. dxe5 Nxe5 15.
Bxc8 Qxc8 16. Nfxe5 Bxe5 17. Ne3 h5 18. f4 Bg7 19. Qf3 c6 20. Rad1 Qe6 21. Ng2
Rad8 22. a3 a5 23. f5 Qf6 24. Nf4 Bh6 25. Nh3 Re5 26. Rf1 Rde8 27. fxg6 Qxg6
28. Qf6 R5e6 29. Qxg6+ fxg6 30. Nf4 Bxf4 31. Rxf4 Rf8 32. Rdf1 Rxf4 33. Rxf4
Kg7 34. Kf2 Re5 35. h4 a4 36. Ke3 b5 37. Kd4 c5+ 38. Kd3 g5 39. Rf5 Rxf5 40.
exf5 gxh4 41. gxh4 d5 42. Ke3 Kf6 43. Kf4 c4 44. Ke3 Kxf5 45. Kd4 Kg4 0-1

[Event "1st open for DUNI cup "]
[Site "Primorsko"]
[Date "2016.05.21"]
[Round "2.5"]
[White "RADEVA, Viktoria"]
[Black "ZHELEV, Mavri"]
[Result "1-0"]
[WhiteElo "2121"]
[BlackElo "1768"]
[PlyCount "55"]
[EventDate "2016.05.21"]
[EventType "swiss"]
[EventRounds "7"]
[EventCountry "BUL"]

1. e4 c6 2. c4 d5 3. exd5 cxd5 4. cxd5 Nf6 5. Qa4+ Bd7 6. Qb3 Qc7 7. Nc3 g6 8.
Nf3 Bg7 9. d4 O-O 10. Bc4 a6 11. a4 Rc8 12. Ne5 Be8 13. O-O Nh5 14. d6 exd6 15.
Nd5 Qd8 16. Qxb7 dxe5 17. Qxc8 Qxc8 18. Ne7+ Kf8 19. Nxc8 Nc6 20. Nb6 Rb8 21.
a5 Nxd4 22. Be3 Nb5 23. Rfd1 Nf6 24. Bc5+ Kg8 25. f3 h5 26. Bd6 Nxd6 27. Rxd6
Bb5 28. Bxb5 1-0

[Event "1st open for DUNI cup "]
[Site "Primorsko"]
[Date "2016.05.21"]
[Round "2.6"]
[White "MOMCHEV, Momchil"]
[Black "VANDEV, Dimitar"]
[Result "0-1"]
[WhiteElo "1698"]
[BlackElo "2103"]
[PlyCount "76"]
[EventDate "2016.05.21"]
[EventType "swiss"]
[EventRounds "7"]
[EventCountry "BUL"]

1. e4 b6 2. d4 Bb7 3. Bd3 Nf6 4. f3 e6 5. Be3 c5 6. c3 Nc6 7. Ne2 Rc8 8. a3 d5
9. e5 Ng8 10. O-O g6 11. Qd2 Na5 12. Nc1 cxd4 13. Bxd4 Ne7 14. b4 Nc4 15. Bxc4
dxc4 16. Ne2 Nf5 17. g4 Nh4 18. Qe3 h5 19. Nd2 Bh6 20. f4 hxg4 21. Ne4 Bxe4 22.
Qxe4 Nf3+ 23. Rxf3 gxf3 24. Qxf3 Qh4 25. Qg3 g5 26. Qxh4 gxh4 27. Rf1 Rg8+ 28.
Kf2 h3 29. Rg1 Rxg1 30. Kxg1 Ke7 31. Bf2 Rc7 32. Be3 f6 33. exf6+ Kxf6 34. Bd4+
Kf5 35. Be5 Rd7 36. Kf2 Rd2 37. Ke3 Rxe2+ 38. Kxe2 Bxf4 0-1

[Event "1st open for DUNI cup "]
[Site "Primorsko"]
[Date "2016.05.21"]
[Round "2.7"]
[White "SOILEMETZIDIS, Konstantinos"]
[Black "IVANOV, Oleg M"]
[Result "1-0"]
[WhiteElo "2000"]
[BlackElo "1625"]
[PlyCount "29"]
[EventDate "2016.05.21"]
[EventType "swiss"]
[EventRounds "7"]
[EventCountry "BUL"]

1. e4 e5 2. Nf3 d5 3. Nxe5 Bd6 4. d4 dxe4 5. Qh5 Bxe5 6. Qxe5+ Qe7 7. Qxg7 Qf6
8. Qg3 Qe7 9. Nc3 c6 10. Bf4 Nd7 11. Bd6 Qf6 12. Nxe4 Qxd4 13. Bd3 Ngf6 14.
O-O-O Rg8 15. Rhe1 1-0

[Event "1st open for DUNI cup "]
[Site "Primorsko"]
[Date "2016.05.21"]
[Round "2.8"]
[White "GENOV, Ivaylo"]
[Black "TSONEV, Kiril"]
[Result "0-1"]
[WhiteElo "1614"]
[BlackElo "1969"]
[PlyCount "92"]
[EventDate "2016.05.21"]
[EventType "swiss"]
[EventRounds "7"]
[EventCountry "BUL"]

1. d4 Nf6 2. c4 g6 3. Nc3 Bg7 4. Nf3 c5 5. e3 O-O 6. Bd3 Na6 7. O-O d6 8. b3
Nb4 9. Be2 Bf5 10. Bb2 Rc8 11. a3 Na6 12. Bd3 Bxd3 13. Qxd3 Re8 14. d5 Nc7 15.
Qc2 b5 16. e4 Rb8 17. Rfe1 Ng4 18. h3 Ne5 19. Nxe5 Bxe5 20. Qd2 bxc4 21. bxc4
Qc8 22. Rab1 Bd4 23. Ne2 Bxb2 24. Rxb2 Qa6 25. Rc1 Na8 26. Qc3 Rxb2 27. Qxb2
Nb6 28. Qb3 Rb8 29. f4 Nd7 30. Qc3 Qa4 31. Qd3 Qb3 32. Rc3 Qa2 33. Nc1 Rb1 34.
Kh2 Qa1 35. Qc2 Kg7 36. Nd3 Rh1+ 37. Kg3 Nf6 38. Nf2 Rf1 39. e5 dxe5 40. fxe5
Rxf2 41. exf6+ Rxf6 42. Re3 h5 43. Rxe7 h4+ 44. Kg4 Qxa3 45. Kxh4 Rf4+ 46. g4
Kh6 0-1

[Event "1st open for DUNI cup "]
[Site "Primorsko"]
[Date "2016.05.21"]
[Round "2.9"]
[White "STOYANOV, Stoyan"]
[Black "VASILEVA, Tsveta"]
[Result "1-0"]
[WhiteElo "1914"]
[BlackElo "1573"]
[PlyCount "75"]
[EventDate "2016.05.21"]
[EventType "swiss"]
[EventRounds "7"]
[EventCountry "BUL"]

1. e4 e5 2. Nf3 Nc6 3. Bb5 Nf6 4. O-O d6 5. d4 Bd7 6. d5 Ne7 7. Bxd7+ Qxd7 8.
Qd3 g6 9. c4 Bg7 10. Nc3 O-O 11. Bg5 Nh5 12. g3 a6 13. b4 Rae8 14. c5 Qh3 15.
Bxe7 Rxe7 16. Ne2 f5 17. Ng5 fxe4 18. Nxe4 Nf6 19. f3 Qf5 20. Qc4 Ne8 21. Rab1
Kh8 22. b5 dxc5 23. bxa6 bxa6 24. Rb8 Ref7 25. N2c3 Qh5 26. d6 cxd6 27. Rxe8
Rxf3 28. Rxf8+ Bxf8 29. Qe2 Rxf1+ 30. Qxf1 Qf5 31. Qxa6 Qf3 32. Qf1 Qe3+ 33.
Qf2 Qc1+ 34. Kg2 Kg8 35. Nf6+ Kg7 36. Ncd5 Qg5 37. Qb2 Kf7 38. Qb7+ 1-0

[Event "1st open for DUNI cup "]
[Site "Primorsko"]
[Date "2016.05.21"]
[Round "2.11"]
[White "CHITAKOVA, Galya"]
[Black "KIRILOV, Ivaylo"]
[Result "0-1"]
[WhiteElo "1567"]
[BlackElo "1861"]
[PlyCount "60"]
[EventDate "2016.05.21"]
[EventType "swiss"]
[EventRounds "7"]
[EventCountry "BUL"]

1. e4 e5 2. Nf3 Nc6 3. Bc4 Bc5 4. c3 Nf6 5. d3 d6 6. Be3 Bb6 7. O-O O-O 8. Re1
Be6 9. Bb5 Bxe3 10. fxe3 Ne7 11. Ba4 Ng6 12. Bc2 Ng4 13. d4 c6 14. Qe2 Nh6 15.
Nbd2 f5 16. exf5 Nxf5 17. e4 Nh6 18. dxe5 dxe5 19. Nf1 Nf4 20. Qd2 Qf6 21. Qd6
Nxg2 22. Rad1 Nf7 23. Qd2 Qxf3 24. Qxg2 Qxg2+ 25. Kxg2 Ng5 26. Ng3 Bh3+ 27. Kh1
Rf2 28. Bb3+ Kh8 29. Nf1 Bg2+ 30. Kg1 Nh3# 0-1

[Event "1st open for DUNI cup "]
[Site "Primorsko"]
[Date "2016.05.21"]
[Round "2.13"]
[White "NIKOLOV, Petar Vasilev"]
[Black "HRISTOV, Krasimir Iv"]
[Result "1/2-1/2"]
[WhiteElo "1709"]
[BlackElo "1888"]
[PlyCount "54"]
[EventDate "2016.05.21"]
[EventType "swiss"]
[EventRounds "7"]
[EventCountry "BUL"]

1. e4 Nf6 2. e5 Nd5 3. Bc4 e6 4. d4 Nb6 5. Bb3 d6 6. f4 dxe5 7. fxe5 Qh4+ 8.
Kf1 c5 9. Nf3 Qh5 10. c3 cxd4 11. cxd4 Nc6 12. Nc3 Be7 13. Ne4 O-O 14. g3 f6
15. Kg2 Nd5 16. Nc3 Nc7 17. Bf4 f5 18. Rc1 h6 19. d5 Nxd5 20. Nxd5 exd5 21.
Bxd5+ Kh8 22. h4 Nd8 23. Rc7 Qe8 24. Qc2 Ne6 25. Bxe6 Bxe6 26. Nd4 Bd5+ 27. Nf3
Be4 1/2-1/2

[Event "1st open for DUNI cup "]
[Site "Primorsko"]
[Date "2016.05.21"]
[Round "2.14"]
[White "SREBCHEV, Aleksandar"]
[Black "KARTALOV, Kiril"]
[Result "0-1"]
[WhiteElo "1342"]
[BlackElo "1674"]
[PlyCount "46"]
[EventDate "2016.05.21"]
[EventType "swiss"]
[EventRounds "7"]
[EventCountry "BUL"]

1. e4 e6 2. d4 Ne7 3. Bd3 b6 4. a3 Bb7 5. Nc3 d6 6. Nf3 Ng6 7. Be3 Be7 8. d5 e5
9. Qd2 Bc8 10. Ne2 Nd7 11. Bb5 a6 12. Bc6 Rb8 13. Ng3 O-O 14. Nf5 Nf6 15. Qd3
Bd7 16. Bxd7 Qxd7 17. Bh6 gxh6 18. Qd2 Kh8 19. Qxh6 Rg8 20. Ng5 Bf8 21. Qh3 Nf4
22. Nxf7+ Qxf7 23. Qf3 Qh5 0-1

[Event "1st open for DUNI cup "]
[Site "Primorsko"]
[Date "2016.05.21"]
[Round "2.16"]
[White "NIKOLOV, Yavor"]
[Black "MARINOV, Marin St"]
[Result "1-0"]
[WhiteElo "1521"]
[BlackElo "1291"]
[PlyCount "71"]
[EventDate "2016.05.21"]
[EventType "swiss"]
[EventRounds "7"]
[EventCountry "BUL"]

1. e4 e6 2. d4 d5 3. exd5 exd5 4. Bd3 Bd6 5. Nf3 Bg4 6. O-O Ne7 7. h3 Bh5 8.
Re1 Nd7 9. Bg5 f6 10. Be3 c6 11. Nbd2 Qc7 12. c4 O-O-O 13. cxd5 Nxd5 14. Be4
Nxe3 15. Rxe3 Nb6 16. Rc1 Bf4 17. Rd3 Nd5 18. Qb3 Bf7 19. Qa3 Kb8 20. Qa4 Nb6
21. Qa5 Bd5 22. Re1 g6 23. Ra3 a6 24. Bd3 Bd6 25. Rc3 h5 26. Be4 Bf4 27. Bxd5
Rxd5 28. Rc5 Rhd8 29. Ne4 f5 30. Nf6 R5d6 31. Ne8 Qd7 32. Nxd6 Bxd6 33. Qxb6
Bxc5 34. Qxc5 Qg7 35. Qe5+ Qxe5 36. dxe5 1-0